| 000 | 00417nam a22001697a 4500 | ||
|---|---|---|---|
| 003 | CEME | ||
| 005 | 20221205123415.0 | ||
| 008 | 210309b xxu||||| |||| 00| 0 eng d | ||
| 020 | _a0-582-05644-6 | ||
| 040 | _c. | ||
| 082 | _a620.11 BEN'M | ||
| 100 |
_aBenham, P. P , Cranford, R. J _967953 |
||
| 245 | _aMechanics of engineering materials | ||
| 260 |
_aLONDON _bELBS _c1987 |
||
| 300 | _a626P | ||
| 942 |
_cBK _2ddc |
||
| 999 |
_c575633 _d575633 |
||